Statistics for 500 Most Quoted Authors in the Oxford English Dictionary

Click here to take the quiz!

General Stats

  • This quiz has been taken 114 times
  • The average score is 110 of 500

Answer Stats

AuthorLifespanTotal QuotationsDescription% Correct
William Shakespeare1564-161632,586playwright and poet
99%
Charles Dickens1812-18709,213novelist
91%
Jane Austen1775-18171,738novelist
86%
Adam Smithbap. 1723, d. 1790734moral philosopher and political economist
84%
James Smith1775-1839750writer and humorist
83%
John Smithbap. 1580, d. 16311,757soldier and colonial governor
83%
Sydney Smith1771-1845682author and wit
83%
Charlotte Brontë1816-18551,330novelist
82%
Ben Jonson?1573-16374,985poet and playwright
80%
Mark Twain1835-19102,507author and lecturer
79%
Geoffrey Chaucerc1340-140013,923poet and administrator
78%
Samuel Johnson1709-17845,231author and lexicographer
77%
Lord Byron1788-18244,359poet
75%
John Stuart Mill1806-18731,450philosopher, economist, and advocate of women's rights
74%
Thomas Ken1637-17111,131bishop of Bath and Wells and nonjuror
74%
Thomas Brownbap. 1663, d. 17041,170writer
73%
Henry James1843-19161,216writer
72%
Percy Bysshe Shelley1792-18223,665poet
72%
Charles Darwin1809-18821,987naturalist, geologist, and originator of the theory of natural selection
71%
George Eliot1819-18803,461novelist
71%
George P.R. James1801-1860901novelist
71%
William Black1841-18981,104journalist and novelist
71%
William James1842-19101,121philosopher and psychologist
71%
Virginia Woolf1882-1941669writer and publisher
69%
John Keats1795-18211,788poet
68%
Sinclair Lewis1885-1951687novelist
68%
Dylan Thomas1914-1953808poet
67%
Jonathan Swift1667-17454,876writer and dean of St Patrick's Cathedral, Dublin
66%
Thomas Adams1583-16521,108Church of England clergyman
66%
Thomas More1478-15353,525lord chancellor, humanist, and martyr
66%
Walter Scott1771-183217,055poet and novelist
66%
Robert Louis Stevenson1850-18942,643writer
65%
William Carrd. 1843912(none given)
65%
William of Shorehamfl. c1320818poet
65%
Hugh Miller1802-1856872geologist, evangelical journalist, and writer
64%
John Milton1608-167412,274poet and polemicist
64%
Philip Miller1691-1771899horticulturist and writer
64%
James Joyce1882-19412,478writer
63%
James Lee1715-1795675nurseryman
63%
Thomas Hardy1840-19282,426novelist and poet
62%
Arthur Conan Doyle1859-1930836writer
61%
Daniel Defoe?1660-17315,322writer and businessman
60%
H.G. Wells1866-19461,326novelist and social commentator
60%
T.S. Eliot1888-1965750poet, critic, and publisher
60%
D.H. Lawrence1885-19302,219writer
59%
John Richard Green1837-18831,156historian
59%
Rudyard Kipling1865-19363,095writer and poet
59%
Elizabeth Barrett Browning1806-18611,109poet and writer
58%
George Bernard Shaw1856-19502,332playwright and polemicist
58%
Robert Browning1812-18893,095poet
58%
Robert Burns1759-17962,930poet
58%
Thomas Jackson1570/71-1646669Church of England clergyman
58%
Thomas Moore1779-1852888poet
58%
William Wordsworth1770-18502,091poet
58%
Francis Bacon1561-16264,757lord chancellor, politician, and philosopher
57%
Henry More1614-16874,267philosopher, poet, and theologian
57%
Nathaniel Baconbap. 1593, d. 1660733politician and author
57%
Samuel Richardsonbap. 1689, d. 17613,608printer and author
57%
Thomas Jefferson1743-18261,993revolutionary politician and president of the United States of America
57%
Alfred Tennyson1809-18926,459poet
56%
Samuel Taylor Coleridge1772-18344,761poet, critic, and philosopher
56%
George Washington1732-1799692revolutionary army officer and president of the United States of America
55%
John Locke1632-17041,738philosopher
55%
Thomas Washingtonfl. 1585962(none given)
55%
William Morris1834-18961,546designer, author, and visionary socialist
55%
Benjamin Franklin1706-1790931natural philosopher, writer, and revolutionary politician in America
54%
Herman Melville1819-1891976novelist and poet
54%
John Harrisc1666-17191,028writer and lecturer on science
54%
John Wilson1785-1854767author and journalist
54%
Thomas Hughes1822-1896958social reformer and children's writer
54%
Thomas Wilsond. 15811,202humanist and administrator
54%
Asa Gray1810-1888766botanist
53%
James Fenimore Cooper1789-18511,032novelist
53%
John Donne1572-16312,038poet and Church of England clergyman
53%
Thomas Cooperc1517-15941,483theologian and bishop of Winchester
53%
Thomas Gray1716-17711,343poet and literary scholar
53%
Bayard Taylor1825-1878822writer
52%
Jeremy Taylord. 16671,940Church of Ireland bishop of Down and Connor and religious writer
52%
John Taylor1578-16531,514poet
52%
Richard Owen1804-1892976comparative anatomist and palaeontologist
52%
William Faulkner1897-1962999short-story writer and novelist
52%
William Robertson1721-1793724historian and Church of Scotland minister
52%
William Taylor1765-18361,475reviewer and translator
52%
Alexander Pope1688-17445,306poet
51%
Henry Fielding1707-17542,743author and magistrate
51%
Samuel Pepys1633-17032,033naval official and diarist
51%
William Harrison1535-15931,001historian and topographer
51%
Christopher Marlowe?1564-15931,281playwright and poet
49%
John Fordbap. 1586, d. a1653744playwright
49%
Thomas Hobbes1588-16792,408philosopher
48%
Arthur Young1741-1820879agricultural reformer and writer
47%
Edward Youngbap. 1683, d. 17651,674writer
47%
Herbert Spencer1820-19031,056philosopher, social theorist, and sociologist
47%
Matthew Arnold1822-18881,200poet, writer, and inspector of schools
47%
William S. Hamilton1788-1856784philosopher
47%
Anthony Trollope1815-18821,906novelist
46%
Gavin Douglasc1476-15224,485poet and bishop of Dunkeld
46%
John Dryden1631-17009,309poet, playwright, and critic
46%
Joseph Hall1574-16563,658bishop of Norwich, religious writer, and satirist
46%
W. Somerset Maugham1874-1965683writer and playwright
46%
Arthur Goldingd. 16062,296translator
45%
Jack London1876-1916772writer, war correspondent, and agronomist
45%
James Belld. ?1606822translator
45%
Noah Webster1758-1843991lexicographer
45%
Ralph Waldo Emerson1803-18822,923lecturer and author
45%
William Thackeray1811-18634,948novelist
45%
Charles Lamb1775-18341,950essayist
44%
Graham Greene1904-1991858author
44%
Joseph Conrad1857-1924808master mariner and author
44%
Robert Greenebap. 1558, d. 15922,630writer and playwright
44%
Benjamin Disraeli1804-18811,711prime minister and novelist
43%
Duke of Wellington1769-1852798army officer and prime minister
43%
Edmund Spenser?1552-15996,307poet and administrator in Ireland
43%
Isaac D'Israeli1766-1848920writer
43%
Jeremy Bentham1748-18322,050philosopher, jurist, and reformer
43%
John Hillbap. 1714, d. 1775781physician and actor
43%
Richard Burton1821-18901,106explorer and author
43%
Robert Burton1577-16401,359writer
43%
Sidney Baker1912-1976651(none given)
43%
W.H. Auden1907-1973768poet and writer
43%
Andrew of Wyntounc1350-c14221,396prior of St Serf's, Lochleven, and historian
42%
Anthony Wood1632-16951,353antiquary
42%
Gilbert Hayc1397-c14651,176soldier and poet
42%
John Bunyand. 16881,172author
42%
John Ray1627-17053,006naturalist and theologian
42%
William Turnerd. 15681,843naturalist and religious controversialist
42%
David Hume1711-17761,187philosopher and historian
41%
John Davies?1565-16181,010poet and writing-master
41%
John Davies1625-1693988translator
41%
Myles Davies1662-?1719870bibliographer
41%
Charles Kingsley1819-18752,896novelist, Church of England clergyman, and controversialist
40%
George Daniel1616-1657825poet
40%
Henry Wadsworth Longfellow1807-18821,404poet and professor of modern languages
40%
Leslie Stephen1832-1904671author, literary critic, and first editor of the Dictionary of National Biography
40%
Samuel Daniel?1563-16191,156poet and historian
40%
Thomas Browne1605-16824,146physician and author
39%
William Ellisc1700-17581,244agriculturist and writer
39%
Izaak Walton1593-1683837author and biographer
38%
John Wesley1703-17911,683Church of England clergyman and a founder of Methodism
38%
Henry Watts1815-18842,094chemist
37%
Isaac Watts1674-1748956Independent minister and writer
37%
Matthew Hale1609-16761,085judge and writer
37%
William Penn1644-1718714Quaker leader and founder of Pennsylvania
37%
Angell Dayfl. 1563-1595655stationer and writer
36%
William Caxton1415x24-14929,711printer, merchant, and diplomat
36%
Edward Freeman1823-18921,977historian
35%
Richard Edenc1520-15762,287translator
35%
Aldous Huxley1894-19631,523writer
34%
Henry Brookec1703-17831,099writer and playwright
34%
Julian Huxley1887-1975658zoologist and philosopher
34%
Thomas Huxley1825-18952,569biologist and science educationist
34%
Thomas Nortond. 15841,187lawyer and writer
34%
Edmund Burke?1730-17973,587politician and author
33%
Harriet Beecher Stowe1811-18961,052author
33%
R.D. Blackmore1825-1900969novelist and fruit farmer
33%
Theophilus Gale1628-1679881ejected minister and theologian
33%
Thomas Stanley1625-1678992poet and classical scholar
33%
Abraham Flemingc1552-16072,207author, literary editor, and Church of England clergyman
32%
Edward H. Knight1824-18834,079patent lawyer and expert in mechanics
32%
Gilbert Burnet1643-17151,477bishop of Salisbury and historian
32%
John Norris1657-17121,286Church of England clergyman and philosopher
32%
William Marshallbap. 1745, d. 18181,355agricultural writer and land agent
32%
Benjamin Robins1707-17511,000mathematician and military engineer
31%
Edward Phillipsb. 16301,792writer and biographer
31%
Edward Ward1667-17311,327satirist
31%
Frederick Marryat1792-18482,476naval officer and novelist
31%
John Bale1495-15631,252bishop of Ossory, evangelical polemicist, and historian
31%
Nathaniel Hawthorne1804-18641,832author
31%
Nathaniel Ward1578-1652654clergyman and compiler of a law code for Massachusetts
31%
Thomas De Quincey1785-18591,657essayist
31%
Thomas Fuller1607/8-16615,141Church of England clergyman
31%
William Stewartfl. 1499-15411,394chronicler and poet
31%
Horace Walpole1717-17972,338author, politician, and patron of the arts
30%
Walter Raleigh1554-16181,251courtier, explorer, and author
30%
Ann Radcliffe1764-18231,239novelist
29%
Edward Gibbon1737-17941,923historian
29%
James Thomson1700-17481,326poet
29%
John A. Thomson1861-1933925(none given)
29%
John Parkinson1566/7-1650767apothecary and herbalist
29%
Richard Steeled. 17294,005writer and politician
29%
Robert South1634-17161,043Church of England clergyman and theologian
29%
Roger North1651-17341,197lawyer, politician, and writer
29%
Thomas North1535-?16031,204translator
29%
Thomas Thomson1773-1852747chemist
29%
Washington Irving1783-18592,592author
29%
Daniel Rogers1573-1652720Church of England clergyman
28%
Francis Robinson1809-18821,008(none given)
28%
Gabriel Harveyc1552-16311,291scholar and writer
28%
Leigh Hunt1784-18591,062poet, journalist, and literary critic
28%
Randle Holme1627-17003,211herald painter
28%
Robert Hunt1807-1887902chemist and photographer
28%
Samuel Rutherfordc1600-1661918Church of Scotland minister and political theorist
28%
Thomas Herbert1606-16822,060traveller and government official
28%
Andrew Marvell1621-16781,286poet and politician
27%
John Sinclair1754-1835805agricultural improver, politician, and codifier of 'useful knowledge'
27%
Joseph Priestley1733-1804697theologian and natural philosopher
27%
Alexander Montgomeriec1550-1598931poet and courtier
26%
John Ash1724-1779885lexicographer and grammarian
26%
John Mason Good1764-18271,514physician and surgeon
26%
John Ruskin1819-19003,186art critic and social critic
26%
Nathan Baileyd. 17423,723lexicographer and schoolmaster
26%
Philip Bailey1816-19021,137poet
26%
Oliver Wendell Holmes1809-1894969physician, teacher of anatomy, and writer
25%
P.G. Wodehouse1881-19751,838writer
25%
William Baldwinfl. 1563699author and printer
25%
William Salmon1644-1713927medical empiric and author
25%
William Warnerd. 16091,478poet and lawyer
25%
Henry Stephens1795-1874948writer on agriculture
24%
Robert Southey1774-18434,733poet and reviewer
24%
Theodore Hook1788-1841732writer and hoaxer
24%
Elisha Kane1820-18571,711physician and Arctic explorer
23%
Elizabeth Gaskell1810-18651,057novelist and short-story writer
23%
George Chapman?1560-16343,116poet and playwright
23%
Richard Bradley?1688-17322,135botanist and writer
22%
Robert Hooke1635-1703688natural philosopher
22%
Sabine Baring-Gould1834-1924805Church of England clergyman, author, and folksong collector
22%
William Cowper1731-18005,864poet and letter-writer
20%
Philip Stanhope1694-1773751politician and diplomatist
18%
Thomas Middletond. 16271,843playwright
18%
Henry Hammond1605-1660788Church of England clergyman and theologian
17%
James Boswell1740-17951,034lawyer, diarist, and biographer of Samuel Johnson
17%
John Buchan1875-19401,055author, publisher, and governor-general of Canada
17%
John Healeyc1585-c1616849translator
17%
Laurence Sterne1713-17681,534writer and Church of England clergyman
17%
Nicholas Rowe1674-1718783poet and playwright
17%
Ezra Pound1885-1972716poet
16%
John Henry Newman1801-18901,452theologian and cardinal
16%
Joseph Hooker1817-1911702botanist
16%
Richard Hooker1554-16001,543theologian and philosopher
16%
George MacDonald1824-1905979poet and novelist
15%
James Howell?1594-16662,243historian and political writer
15%
John Gay1685-17321,061poet and playwright
15%
Abraham Tucker1705-17741,210philosopher
14%
John Fletcher1579-16252,108playwright
14%
Joseph Butler1692-1752810moral philosopher and theologian
14%
King Alfredc848-8992,224king of the West Saxons and of the Anglo-Saxons
14%
Samuel Butlerd. 16801,653poet
14%
Thomas Lodge1558-1625971author and physician
14%
William Dunbar?1460-?15302,508poet and courtier
14%
William Gladstone1809-18981,063prime minister and author
13%
Richard Sheridan1751-1816849playwright and politician
12%
Francis Beaumont1584-1616987playwright
11%
John Clare1793-1864887poet, farm labourer, and naturalist
10%
John Weeverd. 1632694poet and antiquary
10%
John Wilkins1614-1672910theologian and natural philosopher
10%
Thomas Hood1799-18451,237poet and humorist
10%
Tobias Smollett1721-17712,580writer
10%
David Brewster1781-1868815natural philosopher and academic administrator
9%
Geoffrey Fentonc1539-1608787translator and administrator in Ireland
9%
Gervase Markham?1568-16372,468author
9%
Nathaniel Fairfax1637-1690781physician and antiquary
9%
Oliver Goldsmith?1728-17744,469author
9%
Philip Sidney1554-15863,314author and courtier
9%
Richard Bentley1662-1742962philologist and classical scholar
9%
Robert Boyle1627-16913,178natural philosopher
9%
Andrew Bordec1490-1549969physician and author
8%
Richard Baxter1615-16911,775ejected minister and religious writer
8%
Thomas Carlyle1795-18816,724author, biographer, and historian
8%
Allan Ramsay1684-17582,338poet
7%
James Bryce1838-1922676jurist, historian, and politician
7%
John Nicholson1791-1851890mechanical engineer
7%
Peter Nicholson1765-1844666architectural writer and mathematician
7%
Robert Mayne1808-18681,991(none given)
7%
Thomas Bowesfl. 1579-1589722translator
7%
William Tyndalec1494-1536855translator of the Bible and religious reformer
7%
Benjamin Jowett1817-18931,971master of Balliol College
6%
Edward Bulwer-Lytton1803-18733,430writer and politician
6%
George Berkeley1685-17531,748Church of Ireland bishop of Cloyne and philosopher
6%
Henry Powerc1626-1668732natural philosopher and physician
6%
John Addington Symonds1840-1893736writer and advocate of sexual reform
6%
John Heywoodc1496-c15781,882playwright and epigrammatist
6%
John Higginsb. c1544688poet and linguist
6%
Michael Drayton1536-16312,244poet
6%
Philemon Holland1552-16378,021translator
6%
Robert Sanderson1587-1663781bishop of Lincoln
6%
Stephen Hawesb. c14741,065poet
6%
Thomas Heywoodc1573-16412,406playwright and poet
6%
Thomas Maloryd. 14711,833author
6%
William Langlandc1325-c13905,655poet
6%
3rd Earl of Shaftesbury1671-1713776philosopher and author
5%
George Meredith1828-19091,892novelist and poet
5%
Jedidiah Morse1761-18261,056geographer and clergyman
5%
John Speedd. 16291,379historian and cartographer
5%
Joseph Addison1672-17194,334writer and politician
5%
Mary Wortley Montagubap. 1689, d. 1762928writer
5%
Richard Montagubap. 1575, d. 16411,059bishop of Norwich and religious controversialist
5%
William Congreve1670-1729784playwright and poet
5%
William H. Smyth1788-18651,961naval officer and surveyor
5%
2nd Earl of Monmouth1596-16611,018translator
4%
Abraham Cowley1618-16671,117poet
4%
John Foxe?1517-15871,584martyrologist
4%
John Galsworthy1867-1933901novelist and playwright
4%
John Gowerd. 14084,874poet
4%
John Lyly1554-16061,584writer and playwright
4%
John Marstonbap. 1576, d. 16341,962poet and playwright
4%
John Wyclifd. 13843,044theologian, philosopher, and religious reformer
4%
Matthew Prior1664-17211,327poet and diplomat
4%
Richard Carew1555-16201,061antiquary and poet
4%
Richard Tomlinsonfl. 1657955(none given)
4%
Robert Coplandfl. 1505-15471,074translator and printer
4%
Thomas Babington Macaulay1800-18595,176historian, essayist, and poet
4%
Thomas Dekkerc1572-16322,288playwright and pamphleteer
4%
William Carpenter1813-1885662biologist and university administrator
4%
William Stubbs1825-1901666historian and bishop of Oxford
4%
Algernon Swinburne1837-19091,184poet and literary reviewer
3%
Charles Cotton1630-16871,260poet and translator
3%
Charles Reade1814-1884659novelist and playwright
3%
Earl of Surrey?1517-1547816poet and soldier
3%
Edward Peacock1831-1915993(none given)
3%
Ephraim Chambers?1680-17403,772encyclopaedist
3%
Eric Partridge1894-1979676lexicographer and etymologist
3%
George Wither1588-1667817poet
3%
Hugh Latimerc1485-1555951bishop of Worcester, preacher, and protestant martyr
3%
James Hoggd. 1835879poet and novelist
3%
James Russell Lowell1819-18912,177author and diplomat
3%
John Blackie1809-1895853classical and Scottish Gaelic scholar
3%
John C. Atkinson1814-1900798author and antiquary
3%
John Evelyn1620-17064,937diarist and writer
3%
John Rollandfl. 1528-1580749poet
3%
John Smeaton1724-1792884civil engineer
3%
Miles Coverdale1488-1569910Bible translator and bishop of Exeter
3%
Philip Massinger1583-16401,363playwright
3%
Raphael Holinshedc1525-?1580904historian
3%
Richard Graftonc1511-15731,407printer and historian
3%
Samuel Rowlandsfl. 1598-1628710satirist
3%
William Blackstone1723-17802,182legal writer and judge
3%
William Cruised. 1824804legal writer
3%
William Paley1743-1805675theologian and moralist
3%
William Prescott1796-1859721(none given)
3%
William Prynne1600-16691,228pamphleteer and lawyer
3%
William Warburton1698-1779698bishop of Gloucester and religious controversialist
3%
Alexander Barclayc1484-15521,387poet and clergyman
2%
Fanny Burney1752-18402,490writer
2%
John Bulwerbap. 1606, d. 1656898medical practitioner and writer on deafness and on gesture
2%
John Jamieson1759-18381,841antiquary and philologist
2%
John Morley1838-19231,164politician and writer
2%
John Mortimer?1656-1736881writer on agriculture
2%
John Trevisac1342-?14029,090translator
2%
Nicholas Udall1504-15562,887schoolmaster and playwright
2%
Reginald Pecockc1392-?14592,260bishop of Chichester and religious author
2%
Richard Rollea1310-13492,582hermit and religious author
2%
Samuel Crockett1859-1914870Free Church of Scotland minister and novelist
2%
Samuel Footebap. 1721, d. 17771,209actor and playwright
2%
Thomas Hearned. 1735927antiquary and diarist
2%
Thomas Nashed. c16013,501writer
2%
William Drummond1585-1649868poet and pamphleteer
2%
William Kirby1759-18501,912entomologist and naturalist
2%
William Temple1628-1699714diplomat and author
2%
2nd Baron Bernersc1467-15333,872soldier, diplomat, and translator
1%
Ælfric of Eynshamc950-c10104,509Benedictine abbot of Eynsham and scholar
1%
Andrew Ure1778-18571,915chemist
1%
Archibald Lovellfl. 1663-1687813(none given)
1%
Arthur Helps1813-1875682public servant and author
1%
Charles Lyell1797-18751,152geologist
1%
David Lindsayc1486-15551,057writer and herald
1%
Edward Grimestonfl. 1604-16341,048translator
1%
Edward Pusey1800-1882964Church of England clergyman and theologian
1%
Edward Topselld. 16252,629Church of England clergyman and author
1%
Francis Grosed. 17911,312antiquary
1%
Francis Quarles1592-16441,461poet
1%
Frederic Farrar1831-19031,462dean of Canterbury, novelist, and philologist
1%
Frederick Elworthy1830-1907795philologist and antiquary
1%
George A. Sala1828-18951,320journalist
1%
George Faber1773-1854724Church of England clergyman and religious writer
1%
George Grote1794-18711,165historian and politician
1%
Harriet Martineau1802-18761,632writer and journalist
1%
Henry Hallam1777-18591,052historian
1%
Henry Lovelichfl. 1450818poet
1%
Henry Mayhew1812-18871,189author and social reformer
1%
James A. Froude1818-18941,675historian and man of letters
1%
James Dana1813-18952,202geologist, zoologist, and teacher
1%
James Mabbed. ?1642856translator
1%
John Barbourc1330-13952,567ecclesiastic and verse historian
1%
John Fitzherbertd. 15311,437(none given)
1%
John Florio1553-16253,875author and teacher of languages
1%
John Fryerd. 1733994traveller and writer
1%
John Galt1779-18391,249novelist
1%
John Gaule1603/4-1687898Church of England clergyman and author
1%
John Gerardc1545-16121,681herbalist
1%
John Loudon1783-18431,372landscape gardener and horticultural writer
1%
John Motley1814-1877649historian and diplomat
1%
John Skeltonc1460-15292,247poet
1%
John Skenec1540-1617770jurist
1%
John Strype1643-1737767historian and biographer
1%
John Trapp1601-16691,261Church of England clergyman and writer on theology
1%
John Tyndall1820-18932,200physicist and mountaineer
1%
Joseph Moxon1627-16911,753printer and globe maker
1%
Kenelm Digby1603-1665736natural philosopher and courtier
1%
Layamonfl. 12505,684poet
1%
Mary Russell Mitford1787-18551,135playwright and writer
1%
Nehemiah Grewa1641-17121,399botanist and physician
1%
Nicholas Breton?1555-c1626820poet
1%
Nicholas Culpeper1616-1654893physician and astrologer
1%
Ouida1839-1908822novelist
1%
Owen Felltham?1602-1668931essayist and poet
1%
Peter Simmonds1814-18971,167newsagent and journalist
1%
Philip Stubbesc1555-c1610788pamphleteer
1%
Randle Cotgravefl. 1587-?16305,531lexicographer
1%
Richard Bromec1590-1652953playwright
1%
Richard Henry Dana1815-1882812lawyer and author
1%
Richard Kirwan1733-1812834chemist and mineralogist
1%
Richard Surfletfl. 1600-1616953translator
1%
Robert Forby1759-1825854philologist
1%
Robert Henrysond. c14901,034poet
1%
Robert Lindsayc1532-c1586779historian
1%
Robert Lovell?1630-1690775naturalist
1%
Robert Plotbap. 1640, d. 1696887naturalist and antiquary
1%
Roger Aschamd. 1568942author and royal tutor
1%
Roger L'Estrange1616-17041,127author and press censor
1%
Samuel Purchasbap. 1577, d. 16262,148geographical editor and compiler and Church of England clergyman
1%
Samuel Smiles1812-1904763biographer and didact
1%
Thomas Becon1512/13-1567800theologian and Church of England clergyman
1%
Thomas Blount1618-16793,842antiquary and lexicographer
1%
Thomas D'Urfey?1653-1723937playwright and writer
1%
Thomas Martyn1735-1825882botanist
1%
Thomas Pennant1726-17981,719naturalist, traveller, and writer
1%
Thomas Shadwellc1640-1692725playwright and poet
1%
Thomas Starkeyc1498-1538725humanist and royal servant
1%
Thomas Tusserc1524-15801,130writer on agriculture and poet
1%
Thomas Urquhart1611-16601,505author and translator
1%
Walter Besant1836-1901966writer and campaigner for authors' rights
1%
William Dampier1651-17151,098buccaneer and explorer
1%
William Lithgow1582-c16451,690traveller
1%
William Petty1623-1687722natural philosopher and administrator in Ireland
1%
William Withering1741-1799897physician and botanist
1%
Barnabe Googe1540-15941,860poet and translator
0%
Charlotte Yonge1823-19011,394novelist
0%
Claudius Hollybandfl. 1573-1583732linguist and writer
0%
Colley Cibber1671-1757701actor, writer, and theatre manager
0%
Connop Thirlwall1797-18751,093historian and bishop of St David's
0%
Edmund Hickeringilld. 1708696Church of England clergyman and religious controversialist
0%
Edward Stillingfleet1635-1699821bishop of Worcester and theologian
0%
Elliott Coues1842-1889669naturalist and historian
0%
Fynes Moryson?1566-16301,418traveller and writer
0%
George Crabbe1754-1832840poet and Church of England clergyman
0%
George Gascoigned. 15771,585author and soldier
0%
George Puttenham1529-?15911,181writer and literary critic
0%
George Rolleston1829-1881957physician and physiologist
0%
George Sandys1578-16441,313writer and traveller
0%
George Turbervillec1543-c15971,027poet and translator
0%
Haryc1440-c14921,684poet
0%
Helkiah Crooke1576-16481,050physician and anatomist
0%
Henry Cockeramfl. 1623-16581,561lexicographer
0%
Henry Hexhamfl. 1601-1650868soldier and author
0%
Henry Lyte1529-16071,837botanist and antiquary
0%
Henry Milman1791-1868874historian and dean of St Paul's
0%
Henry Wotton1568-1639770diplomat and writer
0%
James Dalrymplefl. c15961,212(none given)
0%
James Halliwell1820-18891,006antiquary and literary scholar
0%
James Yongefl. 1405-1434759translator
0%
John Arbuthnotbap. 1667, d. 17351,070physician and satirist
0%
John Banister1532/3-?1610895surgeon
0%
John Bellendenc1495-a15481,487poet and translator
0%
John Capgrave1393-14641,181prior of Bishop's Lynn, theologian, and historian
0%
John Dausc1516-16021,677schoolmaster and translator
0%
John Lindley1799-18653,338botanist and horticulturist
0%
John Lydgatec1370-c14497,249poet and prior of Hatfield Regis
0%
John Palsgraved. 15545,384teacher and scholar of languages
0%
John Worlidged. 1693672writer on agriculture
0%
Joseph Glanvill1636-1680861Church of England clergyman
0%
Joshua Sylvesterd. 16182,884poet and translator
0%
Maria Edgeworth1768-18491,426novelist and educationist
0%
Mark Pattison1813-1884803college head and scholar
0%
Mary Braddon1835-19151,442novelist
0%
Narcissus Luttrell1657-1732817annalist and book collector
0%
Osbern Bokenhamc1393-c1464679poet and Augustinian friar
0%
Peter Heylyn1599-16621,044Church of England clergyman and historian
0%
Peter Levensfl. 1552-15871,183lexicographer
0%
Peter Motteux1663-1718797journalist and translator
0%
Ralph Cudworth1617-16881,285philosopher and theologian
0%
Richard Allestreed. 1681699Church of England clergyman
0%
Richard Brathwait?1588-16731,461poet and writer
0%
Richard Heslop1842-1916738(none given)
0%
Richard Huloetfl. 15521,841lexicographer
0%
Richard Knollesd. 1610817historian and translator
0%
Richard Mulcaster?1532-1611796schoolmaster and author
0%
Richard Stanyhurst1547-16181,782literary scholar and translator
0%
Robert Fabyand. 15131,699chronicler
0%
Robert Mannyngd. c13384,484poet and historian
0%
Robert Recordc1512-1558784mathematician
0%
Robley Dunglison1798-1869956physician and medical writer
0%
Rolf Boldrewood1826-19151,048novelist
0%
R.S. Surtees1805-1864659author
0%
Samuel Hierond. 1617762Church of England clergyman and devotional writer
0%
Samuel Sturmy1633-1669665writer on seamanship
0%
T. Clifford Allbutt1836-19253,263physician
0%
Thomas Blundevillefl. 1561751author and translator
0%
Thomas Drantc1540-1578757poet and Church of England clergyman
0%
Thomas Elyotc1490-15462,601humanist and diplomat
0%
Thomas Hocclevec1367-14261,319poet and clerk
0%
Thomas Phaer?1510-1560726translator and physician
0%
Walter Charleton1620-1707791physician and natural philosopher
0%
Walter Savage Landor1775-1864828poet and author
0%
William Bonded. 15302,216Bridgettine monk and author
0%
William Davenant1606-1668650poet, playwright, and theatre manager
0%
William Dean Howells1837-19201,027author
0%
William Falconer1732-17701,366poet and lexicographer
0%
William Fulked. 15891,039theologian and college head
0%
William Lambarde1536-1601919antiquary and lawyer
0%
William T. Brande1788-1866896chemist
0%

Score Distribution

Percentile by Number Answered

Percent of People with Each Score

Your Score History

You have not taken this quiz